The role of eyewitness confidence in juror perceptions of credibility

Gespeichert in:  
Bibliographische Detailangaben
Beteiligte: Whitley, B. E. (BeteiligteR)
Medienart: Druck Aufsatz
Sprache:Englisch
Veröffentlicht: 1986
In: Journal of applied social psychology
Jahr: 1986, Band: 16, Heft: 5, Seiten: 387-409
Verfügbarkeit prüfen: HBZ Gateway
Schlagwörter:

MARC

LEADER 00000caa a22000002c 4500
001 1630150193
003 DE-627
005 20220607120833.0
007 tu
008 120315s1986 xx ||||| 00| ||eng c
035 |a (DE-627)1630150193 
035 |a (DE-576)361923740 
035 |a (DE-599)BSZ361923740 
040 |a DE-627  |b ger  |c DE-627  |e rakwb 
041 |a eng 
245 0 4 |a The role of eyewitness confidence in juror perceptions of credibility  |c B. E. Whitley 
264 1 |c 1986 
336 |a Text  |b txt  |2 rdacontent 
337 |a ohne Hilfsmittel zu benutzen  |b n  |2 rdamedia 
338 |a Band  |b nc  |2 rdacarrier 
700 1 |a Whitley, B. E.  |4 oth 
773 0 8 |i In  |t Journal of applied social psychology  |d Malden, MA [u.a.] : Wiley-Blackwell, 1971  |g 16(1986), 5, Seite 387-409  |w (DE-627)129288942  |w (DE-600)120134-7  |w (DE-576)014470462  |x 0021-9029  |7 nnas 
773 1 8 |g volume:16  |g year:1986  |g number:5  |g pages:387-409 
951 |a AR 
ELC |b 1 
LOK |0 000 xxxxxcx a22 zn 4500 
LOK |0 001 3279158966 
LOK |0 003 DE-627 
LOK |0 004 1630150193 
LOK |0 005 20260223082349 
LOK |0 008 120315||||||||||||||||ger||||||| 
LOK |0 040   |a DE-21-110  |c DE-627  |d DE-21-110 
LOK |0 689   |a s  |a Augenzeugen 
LOK |0 689   |a s  |a Vertrauen 
LOK |0 852   |z Kein Bestand am IfK; Nachweis für KrimDok 
LOK |0 852   |a DE-21-110 
LOK |0 852 1  |m v  |9 00 
LOK |0 935   |a K110 
LOK |0 938   |k v 
LOK |0 939   |a 15-03-12  |b l01 
ORI |a WA-MARC-krimdoka001.raw